Statystyki dla Zdobywcy Pucharu Polski w Koszykówce Mężczyzn

Kliknij tutaj aby rozwiązać quiz!

Ogólne statystyki

  • Ten quiz został rozwiązany 10 razy
  • Średni wynik to 30 z 61

Statystyki odpowiedzi

SezonqZdobywca% Poprawnych
2019/2020Anwil Włocławek
90%
2006/2007Anwil Włocławek
90%
1988/1989Śląsk Wrocław
80%
1970/1971Śląsk Wrocław
80%
2013/2014Śląsk Wrocław
80%
2004/2005Śląsk Wrocław
80%
2003/2004Śląsk Wrocław
80%
1996/1997Śląsk Wrocław
80%
1991/1992Śląsk Wrocław
80%
1956/1957Śląsk Wrocław
80%
1989/1990Śląsk Wrocław
80%
1958/1959Śląsk Wrocław
80%
1979/1980Śląsk Wrocław
80%
1976/1977Śląsk Wrocław
80%
1972/1973Śląsk Wrocław
80%
1971/1972Śląsk Wrocław
80%
2023/2024Legia Warszawa
70%
1969/1970Legia Warszawa
70%
1967/1968Legia Warszawa
70%
2007/2008Prokom Trefl Sopot
70%
2005/2006Prokom Trefl Sopot
70%
2014/2015Stelmet Zielona Góra
70%
2022/2023Trefl Sopot
70%
2012/2013Trefl Sopot
70%
2011/2012Trefl Sopot
70%
1999/2000Prokom Trefl Sopot
60%
2000/2001Prokom Trefl Sopot
60%
2018/2019Arged BMSlam Stal Ostrów Wielkopolski
50%
2021/2022Arged BMSlam Stal Ostrów Wielkopolski
50%
1974/1975Polonia Warszawa
50%
1968/1969Polonia Warszawa
50%
1933/1934Polonia Warszawa
50%
2009/2010AZS Koszalin
40%
1953/1954Kolejarz Poznań
40%
1954/1955Kolejarz Poznań
40%
1935/1936KPW Poznań
40%
1983/1984Lech Poznań
40%
2010/2011Polpharma Starogard Gdański
40%
2017/2018Polski Cukier Toruń
40%
1955/1956AZS-AWF Warszawa
30%
1957/1958AZS-AWF Warszawa
30%
1934/1935Cracovia
30%
1951/1952Gwardia Kraków
30%
1980/1981Pogoń Szczecin
30%
1984/1985Pogoń Szczecin
30%
1973/1974Resovia Rzeszów
30%
1975/1976Wybrzeże Gdańsk
30%
1978/1979Wybrzeże Gdańsk
30%
1977/1978Wybrzeże Gdańsk
30%
1982/1983Zagłębie Sosnowiec
20%
2020/2021Enea Zastal BC Zielona Góra
10%
1950/1951Gdańsk
10%
1998/1999Hoop Pekaes Pruszków
10%
2008/2009Kotwica Kołobrzeg
10%
1995/1996Nobiles Włocławek
10%
1994/1995Nobiles Włocławek
10%
1997/1998Pekaes Pruszków
10%
2015/2016Rosa Radom
10%
1961/1962Spójnia Gdańsk
10%
1952/1953Spójnia Gdańsk
10%
2016/2017Stelmet BC Zielona Góra
10%

Rozkład punktacji

Percentyl według liczby udzielonych odpowiedzi

Procent ludzi z każdym wynikiem

Twoja historia wyników

Nie rozwiązałeś tego quizu